000 00795nam a22002657a 4500
001 BR8803258
003 BR-BrBNA
005 20230928092922.0
007 ta
008 230509b bl.||||| |||| 00| 0 por d
040 _aBR-BrBNA
_bpor
_cBiblioteca Nacional de Agricultura
041 _a(Por)
072 _aE21
_b0430
090 _ 0430 BR8803258
100 1 _aViviani, A.L.
110 1 _aBolsa de Mercadorias de Sao Paulo, Sao Paulo (Brasil)
_91275
111 1 _a1. Encontro do Algodao
_cSao Paulo, SP (Brazil)
_d18-20 Nov 1987
245 1 _aInovacao tecnologica: equipamentos e processos [algodao]
260 3 _aSao Paulo, SP (Brasil):
_c1987.
300 _a4 p.
650 _aALGODAO
650 _aDESENVOLVIMENTO INDUSTRIAL
909 _a202309
_bLucia
_c55
_dLucia Elande
942 _cBK
999 _c41984
_d41984